Low data rate and energy efficient radio frequency jamming attack considering the effect of data rate and packet size in 802.11b networks (Record no. 10153)

000 -LEADER
fixed length control field 00578 a2200133 4500
082 ## - DEWEY DECIMAL CLASSIFICATION NUMBER
Classification number MS-IT-8
100 ## - MAIN ENTRY--PERSONAL NAME
Personal name Abid Hussain
9 (RLIN) 106000
245 ## - TITLE STATEMENT
Title Low data rate and energy efficient radio frequency jamming attack considering the effect of data rate and packet size in 802.11b networks
Statement of responsibility, etc. Abid Hussain
260 ## - PUBLICATION, DISTRIBUTION, ETC.
Place of publication, distribution, etc. Islamabad:
Name of publisher, distributor, etc. NUST School of Electrical Engineering & Computer Science,
Date of publication, distribution, etc. 2010.
300 ## - PHYSICAL DESCRIPTION
Extent x, 51 p. :
Other physical details ill. ;
Dimensions 27 cm.
500 ## - GENERAL NOTE
General note Supervisor : Dr. Nazar Abbas Saqib.
856 ## - ELECTRONIC LOCATION AND ACCESS
Uniform Resource Identifier <a href="http://10.250.8.41:8080/xmlui/handle/123456789/31251">http://10.250.8.41:8080/xmlui/handle/123456789/31251</a>
942 ## - ADDED ENTRY ELEMENTS (KOHA)
Koha item type Project Report
Call number prefix MS-IT 8 ABI
Source of classification or shelving scheme
Holdings
Withdrawn status Lost status Source of classification or shelving scheme Damaged status Not for loan Permanent Location Current Location Date acquired Full call number Barcode Date last seen Price effective from Koha item type
          Central Library (CL) Central Library (CL) 08/07/2024 MS-IT 8 ABI SEECSP00836 11/14/2012 11/14/2012 Project Report
© 2023 Central Library, National University of Sciences and Technology. All Rights Reserved.